Normal view
MARC view
- Courage. Friendship. Secrecy.
Entry Topical Term
001 - CONTROL NUMBER
- control field: 86184
003 - CONTROL NUMBER IDENTIFIER
- control field: OSt
005 - DATE AND TIME OF LATEST TRANSACTION
- control field: 20250327104932.0
008 - FIXED-LENGTH DATA ELEMENTS
- fixed length control field: 250327|| aca||aabn | a|a d
040 ## - CATALOGING SOURCE
- Original cataloging agency: OSt
- Transcribing agency: OSt
150 ## - HEADING--TOPICAL TERM
- Topical term or geographic name as entry element: Courage. Friendship. Secrecy.
- Form subdivision: Fiction.
- Geographic subdivision: England, London
670 ## - SOURCE DATA FOUND
- Source citation: Work cat.: (OSt)48740: Bunzl, Peter. 82428, Moonlocket / , 2017.